| 000 | 00555nab a2200193 a 4500 | ||
|---|---|---|---|
| 005 | 20240203063641.0 | ||
| 008 | 991125s1985 mx 000 0 spa u | ||
| 035 | _aUPN01000117849 | ||
| 222 | _aREVISTA LATINOAMERICANA DE PSICOLOGIA (BOGOTA, COLOMBIA) | ||
| 245 | _rRepresentaciones de la vejez | ||
| 300 | _a519-536 | ||
| 362 | 0 | _a2000 vol. 32, no.3 | |
| 650 | 4 | _aMAR DEL PLATA, ARGENTINA | |
| 650 | 4 |
_aVejez _914052 |
|
| 650 | 4 | _aREPRESENTACION SOCIAL | |
| 650 | 4 | _aPSICOGERONTOLOGIA | |
| 700 | 0 | 2 | _aMONCHIETTI, Alicia, coaut. |
| 905 | _aArticulo | ||
| 999 |
_c90272 _d90272 |
||